Amerikai álom A jövő pilléreiről Királyhelmecen

Podrobná bibliografia
Hlavný autor: Balassa, Zoltán, 1949- (Autor)
Médium: Článok
Jazyk:maďarčina
Predmet:

MARC

LEADER 00000nab a2200000 a 4500
001 vtls000605365
003 SK-MaSNL
005 20260319074644.0
008 160401c1996 xo 0 hun
015 |a SNBRB19rr/mm-uuuuu 
035 |a CL0605504 
040 |a SNKBUCL  |b slo  |c SNKBUCL  |e AACR2 
041 0 |a hun 
044 |a xo  |c SK 
080 |a 323.15(437.6=945.11)  |2 1981 
100 1 |a Balassa, Zoltán,  |d 1949-  |4 aut  |9 502859 
245 1 0 |a Amerikai álom  |b A jövő pilléreiről Királyhelmecen  |c Zoltán Balassa 
650 0 7 |a Maďari na Slovensku  |2 snkbucl  |9 373044 
651 7 |a 5412  |2 snkbucl  |9 444441 
655 7 |a články z novín a časopisov  |2 snkbucl  |9 267496 
773 0 |t Szabad újság  |g Roč. 4, č. 48 (1996), s. 4 
850 |a Slovenská národná knižnica v Martine  |a DSG001 
852 |a SNK  |b KIS3GCP 
958 |a HU 
958 |a SK 
958 |a NX 
958 |a RK 
958 |a RBX 
999 |c 1605926  |d 1607856